Normal view
MARC view
Entry Topical Term
001 - CONTROL NUMBER
- control field: 17528
003 - CONTROL NUMBER IDENTIFIER
- control field: BD-RjUL
005 - DATE AND TIME OF LATEST TRANSACTION
- control field: 20251218103032.0
008 - FIXED-LENGTH DATA ELEMENTS
- fixed length control field: 251218|| aca||aabn | a|a d
040 ## - CATALOGING SOURCE
- Original cataloging agency: BD-RjUL
- Transcribing agency: BD-RjUL
150 ## - HEADING--TOPICAL TERM
- Topical term or geographic name entry element: Italian fiction
670 ## - SOURCE DATA FOUND
- Source citation: Work cat.: (BD-RjUL)86049: Moravia, Alberto, 1907-1990. 11721, Roman tales,, 1956, [reprinting 1961]